<?xml version="1.0" encoding="UTF-8"?>
<collection xmlns="http://www.loc.gov/MARC21/slim">
  <record>
    <leader>00000nam  2200000   4500</leader>
    <controlfield tag="001">INLIS000000000002240</controlfield>
    <controlfield tag="005">20180724144523</controlfield>
    <controlfield tag="008">180724|||||||||   |   |||   |||| ||   | </controlfield>
    <datafield tag="035" ind1=" " ind2=" ">
      <subfield code="0">010-0718002240</subfield>
    </datafield>
    <datafield tag="041" ind1=" " ind2=" ">
      <subfield code="a">id</subfield>
    </datafield>
    <datafield tag="082" ind1=" " ind2=" ">
      <subfield code="a">R. 02 PIM II 2017</subfield>
    </datafield>
    <datafield tag="090" ind1=" " ind2=" ">
      <subfield code="a">R. 02 PIM II 2017</subfield>
    </datafield>
    <datafield tag="100" ind1=" " ind2=" ">
      <subfield code="a">Sudarisman, Maman</subfield>
    </datafield>
    <datafield tag="245" ind1=" " ind2=" ">
      <subfield code="a">Strategi Akselerasi Diseminasi Informasi Klimatologi</subfield>
    </datafield>
    <datafield tag="260" ind1=" " ind2=" ">
      <subfield code="a">Jakarta</subfield>
      <subfield code="b">LAN Jakara</subfield>
      <subfield code="c">2017</subfield>
    </datafield>
    <datafield tag="300" ind1=" " ind2=" ">
      <subfield code="a">x:, 36 hlm:, 30 cm</subfield>
    </datafield>
    <datafield tag="500" ind1=" " ind2=" ">
      <subfield code="a">Ada dua tujuan dari proyek perubahan ini, yaitu tujuan umum dan tujuan khusus.  Tujuan umum dari proyek perubahan ini adalah meningkatkan efektivitas layanan informasi klimatologi di Pusat Layanan Informasi Iklim Terapan, dalam bentuk:&#13;
a.	Peningkatan koordinasi dalam pelaksanaan diseminasi informasi klimatologi di lingkungan Kedeputian Bidang Klimatologi&#13;
b.	Peningkatan kecepatan layanan informasi klimatologi, khususnya kualitas udara pada saat kebakaran hutan.</subfield>
    </datafield>
    <datafield tag="650" ind1=" " ind2=" ">
      <subfield code="a">Strategi Akselerasi</subfield>
    </datafield>
  </record>
</collection>
